000 00214nam a22000857a 4500
999 _c11466
_d11466
008 190525b ||||| |||| 00| 0 eng d
020 _a9789384603519
100 _97183
_aROUTHAN.TARUN
245 _aLEARN TO PLAY TAEKWONDO